| 000 | 00667nam a22001937a 4500 | ||
|---|---|---|---|
| 005 | 20250603102626.0 | ||
| 010 | _aENG-145132 | ||
| 020 |
_a9789381496169 _c575.00 |
||
| 035 | _aEN-128664 | ||
| 037 | _bDBAD | ||
| 082 |
_a618.1 _21 |
||
| 100 |
_aChavan, Niranjan _981560 |
||
| 245 |
_aGynecologic Oncology Simplified A Practical Approach/ _cNiranjan Chavan [and] Sachin Ajmera |
||
| 260 |
_aMumbai _bBhalani Publishing House _c2013 |
||
| 270 |
_aBhalani Publishing House, 11 Mavawala Building Opp. K.E.M. Hospital Parel _bMumbai _e400012 |
||
| 300 |
_a242p. _c24cm(pb) |
||
| 700 |
_aAjmera, Sachin _eAuthor _981561 |
||
| 942 |
_2ddc _cEN _h618.1 _mCHA |
||
| 999 |
_c211518 _d211518 |
||